| 000 | 01551cam a2200337 i 4500 | ||
|---|---|---|---|
| 001 | 92829 | ||
| 003 | Mx-PuUPA | ||
| 005 | 20260126151509.0 | ||
| 008 | 250405s1981 mx gr|||| 00| 0 spa d | ||
| 040 |
_aMx-PuUPA _bspa _cMx-PuUPA _dMx-PuUPA _erda |
||
| 041 | 0 | _aspa | |
| 100 | 1 |
_aLópez Beltrán, Lauro, _eautor _9336 |
|
| 245 | 1 | 0 |
_aBases históricas del guadalupanismo / _cPbro. Lauro López Beltran |
| 250 |
_aPrimera edición / _bmayo |
||
| 264 | 1 |
_aMéxico, D.F. : _bEditorial Jus, _c1981 |
|
| 300 |
_a105 páginas ; _c24 cm |
||
| 336 |
_2rdacontent _atexto _btxt |
||
| 337 |
_2rdamedia _asin medio _bn |
||
| 338 |
_2rdacarrier _avolumen _bnc |
||
| 500 | _a"Este libro contiene seis conferencias sustentadas por su autor en el Seminario Mayor del Arzobispado de Morelia, los días viernes 8 y sábado 9 de mayo de 1981. Y la edición ha sido patrocinada por su Excelencia Reverendísima, el Sr. Arzobispo de Chihuahua, Mons. Dr. D. Adalberto Almeida Merino".-- Portada. | ||
| 500 | _a"Recuerdo del Año Jubilar Guadalupano 12 diciembre 1980- 12 diciembre 1981".-- Portada. | ||
| 600 | 0 | 4 |
_aNuestra Señora de Guadalupe _xApariciones y milagros |
| 600 | 0 | 4 |
_aVirgen María _xApariciones y milagros _zMéxico |
| 650 | 7 |
_2armarc _aGuadalupe Hidalgo |
|
| 650 | 7 |
_2armarc _aAño jubilar Guadalupano, _y1980-1981 |
|
| 650 | 7 |
_2armrac _aHistoria de la iglesia _zMéxico |
|
| 651 | 4 |
_aMéxico _xGustavo A. Madero (Ciudad de México) |
|
| 942 |
_2ddc _cLI _h232.9170972 _iL86 |
||
| 999 |
_c71172 _d71172 |
||